Central Library OPAC University of Rajshahi

Sectoral aspects of long-term economic projections with special reference to Asia and the Far East : (Record no. 45442)

MARC details
000 -LEADER
fixed length control field 00869nam a2200217 a 4500
001 - CONTROL NUMBER
control field 45442
003 - CONTROL NUMBER IDENTIFIER
rucl marc code BD-RjUL
005 - DATE AND TIME OF LATEST TRANSACTION
control field 20211209054020.0
008 - FIXED-LENGTH DATA ELEMENTS--GENERAL INFORMATION
fixed length control field 160725s1967 th 0 eng d
035 ## - SYSTEM CONTROL NUMBER
System control number (BD-RjUL)45560
040 ## - CATALOGING SOURCE
Original cataloging agency ABS
Language of cataloging eng
Transcribing agency ABS
Modifying agency ABN-SNR
041 ## - LANGUAGE CODE
Language code of text/sound track or separate title eng
082 ## - DEWEY DECIMAL CLASSIFICATION NUMBER
Edition number 23
Classification number 330.0112
Author mark and year SEC 1967
110 2# - MAIN ENTRY--CORPORATE NAME
Corporate name or jurisdiction name as entry element United Nations.
Subordinate unit Economic Commission for Asia and the Far East.
9 (RLIN) 139130
245 10 - TITLE STATEMENT
Title Sectoral aspects of long-term economic projections with special reference to Asia and the Far East :
Remainder of title report of the Fifth Group of Experts on Programming Techniques.
260 ## - PUBLICATION, DISTRIBUTION, ETC. (IMPRINT)
Place of publication, distribution, etc. Bangkok :
Name of publisher, distributor, etc. U.N., Economic Commission for Asia and the Far East,
Date of publication, distribution, etc. 1967.
300 ## - PHYSICAL DESCRIPTION
Pagination x, 349p. :
Illustrations ill. ;
Size 23 cm.
650 #0 - SUBJECT ADDED ENTRY--TOPICAL TERM
Topical term or geographic name as entry element Economic forecasting
General subdivision Mathematical models.
9 (RLIN) 139124
942 ## - ADDED ENTRY ELEMENTS (KOHA)
Source of classification or shelving scheme Dewey Decimal Classification
Koha item type Books
Holdings
Lost status Source of classification or shelving scheme Damaged status Not for loan Collection code Permanent Location Current Location Shelving location Date acquired Source of acquisition Cost, normal purchase price Total Checkouts Full call number Date last seen Copy number Koha item type
  Dewey Decimal Classification     Non-fiction Central Library, University of Rajshahi Central Library, University of Rajshahi   23/07/1969 Zeitlinger 4.00   330.0112 SEC 1967 26/07/2016 C-2 Books